A single man /

Na minha lista:
Detalhes bibliográficos
Principais autores: Korzeniowski, Abel (Compositor), Umebayashi, Shigeru (Compositor)
Outros Autores: Miano, Andrew (Produtor), Ford, Tom (Diretor, Produtor, Animador de cenário), Scearce, David (Animador de cenário), Grau, Eduard (Fotógrafo), Weitz, Chris (Produtor), Moore, Julianne (Ator), Hoult, Nicholas (Ator), Goode, Matthew (Ator), Firth, Colin (Ator)
Formato: Slides
Idioma:Língua italiana
inglês
Publicado em: Italia : Cecchi Gori Home Video, 2010
Tags: Adicionar Tag
Sem tags, seja o primeiro a adicionar uma tag!

MARC

LEADER 00000ngm a22000007i 4500
001 IT\ICCU\LO1\1312261
003 ItRI
005 20260124182814.0
008 100622s2010 it |||||||||||||||k|||||c
024 3 1 |a 8033109396028 
028 4 2 |a PRV20347 
028 4 2 |a PSV20347  |b Archibald 
040 |b ita 
041 7 |a ita  |a eng  |2 ISO-639-2 
082 |a 791.43  |9 CINEMA  |2 19 
130 2 |a A single man <film ; 2009>  |3 IT\ICCU\LO1\1314621 
245 0 2 |a A single man /  |c un film di Tom Ford ; tratto dal romanzo "Un uomo solo" di Christopher Isherwood ; scritto per lo schermo da Tom Ford, David Scearce ; fotografia: Eduard Grau ; musiche: Abel Korzeniowski, Shigeru Umebayashi ; prodotto da Tom Ford, Chris Weitz, Andrew Miano ... [et al.] ; cast: Colin Firth, Julianne Moore, Matthew Goode ... [et al.]. 
260 |a Italia :  |b Cecchi Gori Home Video,  |c 2010 
300 |a 1 DVD video (96 min.) :  |b color., sonoro ;  |c in contenitore, 19 cm 
500 |a Produzione cinematografica: USA, 2009 
500 |a Caratteristiche tecniche: regione 2; PAL; formato video 16:9; audio Dolby Digital 5.1 
500 |a Titolo del contenitore 
500 |a Lingue: italiano, inglese; sottotitoli: italiano per non udenti 
500 |a Contenuti extra: interviste al regista e agli interpreti principali, trailer 
500 |a Etichetta: Archibald 
700 1 |a Isherwood, Christopher  |0 IT\ICCU\CFIV\006762  |4 ant 
700 1 |a Miano, Andrew  |0 IT\ICCU\DDSV\284023  |4 pro 
700 1 |a Ford, Tom  |0 IT\ICCU\LO1V\295482  |4 drt 
700 1 |a Ford, Tom  |0 IT\ICCU\LO1V\295482  |4 pro 
700 1 |a Ford, Tom  |0 IT\ICCU\LO1V\295482  |4 sce 
700 1 |a Scearce, David  |0 IT\ICCU\LO1V\371022  |4 sce 
700 1 |a Grau, Eduard  |0 IT\ICCU\LO1V\371023  |4 pht 
700 1 |a Korzeniowski, Abel  |0 IT\ICCU\LO1V\371024  |4 cmp 
700 1 |a Weitz, Chris  |0 IT\ICCU\RAVV\107084  |4 pro 
700 1 |a Moore, Julianne  |0 IT\ICCU\RAVV\222126  |4 act 
700 1 |a Hoult, Nicholas  |0 IT\ICCU\RAVV\346210  |4 act 
700 1 |a Goode, Matthew  |0 IT\ICCU\RAVV\425129  |4 act 
700 1 |a Firth, Colin  |0 IT\ICCU\UBOV\490631  |4 act 
700 1 |a Umebayashi, Shigeru  |0 IT\ICCU\UBOV\936936  |4 cmp 
790 1 |a Isherwood, Christopher William Bradshaw  |3 IT\ICCU\SBNV\030185  |z Isherwood, Christopher 
790 1 |a Umebayashi, Sigeru  |3 IT\ICCU\SBNV\102108  |z Umebayashi, Shigeru 
942 |2 ddc  |c VM  |n 0 
952 |0 0  |1 0  |4 0  |6 VO_1834_000000000000000  |7 0  |9 26592  |a BO  |b BO  |d 2026-01-24  |i 14620  |l 0  |o VO 1834  |p BO14620  |r 2026-01-24 18:28:15  |w 2026-01-24  |x [Sebina 5] [1 dvd]  |y VM  |z 1 dvd 
999 |c 22491  |d 22491